| 000 | 00485nam a2200193Ia 4500 | ||
|---|---|---|---|
| 003 | OSt | ||
| 005 | 20230321104549.0 | ||
| 008 | 210210b2005 xxu||||| |||| 00| 0 eng d | ||
| 040 | _cAL | ||
| 041 | _aEnglish | ||
| 082 | _a658.83 ICFI | ||
| 100 |
_aICFAI. _976707 |
||
| 245 | _aIntroduction to marketing research | ||
| 260 |
_aHyderabad _bICFAI Center for Management Research _c2005 |
||
| 300 | _a161 | ||
| 690 |
_aMarketing Research _976708 |
||
| 906 | _a061692 | ||
| 942 |
_2ddc _cBK |
||
| 999 |
_c108387 _d108387 |
||